| 000 | 00695nam a2200193 i 4500 | ||
|---|---|---|---|
| 001 | 186854 | ||
| 003 | ES-MaACL | ||
| 005 | 20240516063109.0 | ||
| 008 | 170223q19101920sp |||| | spa d | ||
| 100 | 1 |
_aMaupassant, Guy de, _d1850-1893 _979214 |
|
| 245 | 1 | 4 |
_a[El papá de Simón / _cpor Guy de Maupassant ; traducción de Silvio Lago]. |
| 260 |
_a[S.l. : _bs.n., _c191?] |
||
| 300 |
_a[4] p. ; _c27 cm. |
||
| 594 | _aDatos tomados de principio del texto y final; ejemp. sin portada. | ||
| 594 | _aSilvio Lago es seud. de José Francés. | ||
| 700 | 1 |
_aFrancés, José, _d1883-1964 _952141 |
|
| 852 |
_aES-MaACL _jR-2599(21) _q- Ejemp. sin portada |
||
| 999 |
_c186854 _d186854 |
||